UBT Library

Complications of regional anesthesia: (Record no. 39754)

000 -LEADER
fixed length control field 00622cam a22002291 4500
001 - CONTROL NUMBER
control field 6052004
005 - DATE AND TIME OF LATEST TRANSACTION
control field 20180104082602.0
008 - FIXED-LENGTH DATA ELEMENTS--GENERAL INFORMATION
fixed length control field 750410s1955 ilua b 000 0 eng
010 ## - LIBRARY OF CONGRESS CONTROL NUMBER
LC control number 55008868
035 ## - SYSTEM CONTROL NUMBER
System control number (OCoLC)1265797
040 ## - CATALOGING SOURCE
Original cataloging agency DLC
Transcribing agency OClW-H
Modifying agency WaChenE
-- DLC
041 ## - LANGUAGE CODE
Language code of text/sound track or separate title eng
042 ## - AUTHENTICATION CODE
Authentication code premarc
080 ## - UNIVERSAL DECIMAL CLASSIFICATION NUMBER
Universal Decimal Classification number 615.781 MOO
082 ## - DEWEY DECIMAL CLASSIFICATION NUMBER
Classification number 615.781 MOO
-- 617.96*
100 1# - Rafti
Rafti 6
101 ## - Shkurtesa
Shkurtesa ANA
245 10 - TITLE STATEMENT
Title Complications of regional anesthesia:
504 ## - BIBLIOGRAPHY, ETC. NOTE
Bibliography, etc Includes bibliography.
906 ## - LOCAL DATA ELEMENT F, LDF (RLIN)
a 7
b cbc
c oclcrpl
d u
e ncip
f 19
g y-gencatlg
942 ## - ADDED ENTRY ELEMENTS (KOHA)
Source of classification or shelving scheme
Item type Books
Holdings
Withdrawn status Lost status Source of classification or shelving scheme Damaged status Not for loan Collection code Permanent location Current location Shelving location Date acquired Total Checkouts Full call number Barcode Date last seen Price effective from Koha item type
          Koleksioni i përgjithshem UBT - Lipjan UBT - Lipjan Koleksioni i përgjithshem 01/04/2018   615.781 MOO 002-29718 01/04/2018 01/04/2018 Books
UBT Library © 2015-2024. All rights reserved University Education for Business and Technology